Score 0/30 Timer 04:00
0 Plays Today
% Correct
Skittles
94%
Popcorn
92.4%
Potato Chips
91.9%
Pork Rinds
91.7%
Cookie
91.5%
Rum and Coke
91.5%
Half and Half
90.8%
Whiskey Sour
90.4%
Cream Puff
90.2%
Margarita
89.1%
Whole Milk
86.2%
Almond Joy
86%
Vodka Tonic
83.7%
Sweet'N Low
80.2%
Bloody Mary
79.6%
% Correct
Junior Mints
79.5%
Cheese Danish
77.2%
Evian
76.2%
Twizzlers
69.5%
Pretzels
69.1%
Equal
69.1%
Aquafina
64.4%
Poland Spring
52.5%
Peanuts
49.9%
Brownie
45.2%
Doughnut
43.4%
Splenda
42.2%
Ozarka
21.6%
Raisinets
20.9%
Ethos
11.1%
Remove Ads.
Support Sporcle.
Get the best of Sporcle when you Go Orange. This ad-free experience offers more features, more stats, and more fun while also helping to support Sporcle. Thank you for becoming a member.

You're not logged in!

Compare scores with friends on all Sporcle quizzes.
OR
Log In

Show Comments

Extras

Top Quizzes Today


Score Distribution

Your Account Isn't Verified!

In order to create a playlist on Sporcle, you need to verify the email address you used during registration. Go to your Sporcle Settings to finish the process.

Report this User

Report this user for behavior that violates our Community Guidelines.

Details: